| 000 | 01436cam a22002055a 4500 | ||
|---|---|---|---|
| 001 | L157912 | ||
| 008 | 130717s2013 xxk f 000 0 eng d | ||
| 035 | _a(Sirsi) u157912 | ||
| 041 | 0 | _aeng | |
| 110 | 2 |
_aJones Lang LaSalle _93755 |
|
| 245 | 0 | 4 |
_aThe advancement of real estate as a global asset class _h[electronic resource] |
| 260 |
_aLondon _bJones Land LaSalle _c2013 |
||
| 490 | 0 |
_aJones Lang LaSalle Global Market Perspective Global Foresight Series _v2013 |
|
| 520 | _aFor the first time since 2007, global investors are viewing real estate as a key part of their investment portfolios with a number of pension funds increasing their percentage of investment in real estate. Key reason is the reassessment of risk and diversification away from bonds and equities with yields seen as core driver of investment returns. Yields are spread between prime office assets and Government bonds. Real estate investment flows is dominated by Asia Pacific region. Investors are targeting super-prime assets across 30 to 20 cities. Predicts that the investment interest in real estate will help with redevelopment of obsolete commercial property stock | ||
| 590 | _aKA | ||
| 651 | 4 | _aInternational | |
| 690 |
_aInvestments _96250 |
||
| 856 | 4 | 0 |
_auhttp://http://www.joneslanglasalle.com/ResearchLevel1/JLL-Real-Estate-as-a-Global-Asset-Class.pdf _zView the item free of charge from the www.joneslanglasalle.com website. |
| 942 | _n0 | ||
| 999 |
_c115027 _d115027 |
||